[Event "V Abierto Ciudad de Dos Hermanas"]
[Site "?"]
[Date "2006.04.03"]
[Round "5"]
[White "Epishin, V."]
[Black "Vila Gazquez, X."]
[Result "1-0"]
[WhiteElo "2553"]
[BlackElo "2317"]
[PlyCount "101"]
[EventDate "2006.03.30"]
[SourceDate "2006.03.30"]

1. d4 Nf6 2. c4 e6 3. Nf3 Bb4+ 4. Bd2 Qe7 5. g3 Nc6 6. Nc3 Bxc3 7. Bxc3 Ne4 8.
Rc1 O-O 9. Bg2 d6 10. d5 Nxc3 11. Rxc3 Nd8 12. dxe6 Nxe6 13. O-O Bd7 14. Re1
Bc6 15. e4 a5 16. Rce3 Rfe8 17. b3 b6 18. h4 Rad8 19. Nd2 Bb7 20. Nb1 Nc5 21.
Nc3 Qf6 22. a3 Qe7 23. Nd5 Bxd5 24. cxd5 b5 25. Qd2 {Diagrama #} Ra8 (25... a4
26. b4 Nb3 27. Qc3 Qd7) 26. e5 Qf8 27. e6 Re7 28. b4 axb4 29. axb4 Na4 30.
exf7+ Rxf7 31. Bf1 Nb6 (31... Qb8 32. Re8+ Qxe8 33. Rxe8+ Rxe8 34. Bxb5 Ra8 35.
Bc6 Ra7 36. Qa2) 32. Bxb5 Nd7 33. Qe2 Nf6 34. Bc6 Rb8 35. b5 g6 36. Re7 Rxe7
37. Qxe7 Qf7 38. Qe6 Kg7 39. Re3 Ng8 40. Qxf7+ Kxf7 41. Ra3 Ne7 42. Ra7 Rc8 43.
Bd7 Rd8 44. Bc6 Rc8 45. f4 h5 46. Kf2 Kf6 47. Ke3 Nf5+ 48. Kd3 Ne7 49. Bd7 Rb8
50. Rxc7 Nf5 51. Be6 1-0

[Event "V Abierto Ciudad de Dos Hermanas"]
[Site "?"]
[Date "2006.04.03"]
[Round "5"]
[White "Krivoshey, S."]
[Black "Vega Gutierrez, S."]
[Result "1-0"]
[WhiteElo "2553"]
[BlackElo "2180"]
[PlyCount "55"]
[EventDate "2006.03.30"]
[SourceDate "2006.03.30"]

1. d4 d5 2. c4 e6 3. Nc3 c6 4. e4 dxe4 5. Nxe4 Bb4+ 6. Bd2 Qxd4 7. Bxb4 Qxe4+
8. Be2 Na6 9. Ba5 b6 10. Qd6 Bd7 11. Bc3 f6 12. Nf3 Nh6 13. O-O-O O-O-O 14.
Rhe1 Nc5 15. Bf1 Qg6 16. b4 Nf5 17. Qd2 Na4 18. Ba1 Qh6 19. g4 Be8 20. Qxh6
Rxd1+ 21. Rxd1 Nxh6 22. g5 Ng4 23. Rd2 fxg5 24. Nxg5 {Diagrama #} Rf8 $2 (24...
Bd7 $16) 25. Be2 Bh5 (25... Nxf2 26. Nxe6 Rg8 27. Rd8+ Kb7 28. Bf3) 26. Nxe6
Rxf2 27. Nxg7 Rxh2 28. Bxg4+ 1-0

[Event "V Abierto Ciudad de Dos Hermanas"]
[Site "?"]
[Date "2006.04.03"]
[Round "5"]
[White "Perez, R."]
[Black "Morillo-Velarde, A."]
[Result "1-0"]
[WhiteElo "2425"]
[BlackElo "2059"]
[PlyCount "87"]
[EventDate "2006.03.30"]
[SourceDate "2006.03.30"]

1. c4 c5 2. g3 g6 3. Bg2 Bg7 4. Nf3 Nf6 5. O-O O-O 6. Nc3 Nc6 7. d4 cxd4 8.
Nxd4 a6 9. e3 Qc7 10. b3 d6 11. Bb2 Bg4 12. Qd2 Qd7 13. Rfe1 Bh3 14. Bh1 Rab8
15. Rad1 Rfc8 16. Nxc6 bxc6 17. e4 Ng4 18. c5 Qa7 19. Na4 Bxb2 20. Qxb2 dxc5
21. Rc1 Rb5 22. Bg2 Bxg2 23. Kxg2 Rd8 24. h3 Nf6 25. Qc3 Nd7 26. Red1 Rdb8 27.
Rc2 Qc7 28. Qe3 Ra5 29. Rcd2 {Diagrama #} Rd8 $2 (29... Nf6 $14) 30. Qf4 Qb7
31. Qg5 f6 32. Qg4 f5 33. exf5 Kg7 34. Rxd7 Rxd7 35. Rxd7 Qb4 36. Rxe7+ Kf6 37.
Re6+ Kg7 38. Qg5 Qd4 39. f6+ Kg8 40. Re8+ Kf7 41. Re7+ Kg8 42. Qh6 Qxf6 43.
Re8+ Kf7 44. Qf8# 1-0

[Event "V Abierto Ciudad de Dos Hermanas"]
[Site "?"]
[Date "2006.04.03"]
[Round "5"]
[White "Recuero Guerra, D."]
[Black "Spraggett, K."]
[Result "0-1"]
[WhiteElo "2315"]
[BlackElo "2581"]
[PlyCount "106"]
[EventDate "2006.03.30"]
[SourceDate "2006.03.30"]

1. e4 c5 2. Nf3 e6 3. d4 cxd4 4. Nxd4 Nf6 5. Nc3 d6 6. Be3 a6 7. Qd2 Be7 8. f3
Nc6 9. O-O-O O-O 10. g4 Nd7 11. h4 Nde5 12. Qf2 Bd7 13. g5 Qc7 14. Rg1 b5 15.
Kb1 Nxd4 16. Bxd4 b4 17. Ne2 a5 18. b3 Rfc8 19. Nf4 a4 20. Rg2 g6 21. Ba1 Bc6
22. Qd4 Qa7 23. Rf2 h6 24. Nh3 Qxd4 25. Bxd4 h5 26. f4 Ng4 27. Re2 e5 28. Bb2
Bf8 29. Ree1 Re8 30. f5 a3 31. Ba1 gxf5 32. exf5 d5 33. Bg2 Rad8 34. c4 bxc3
35. Bxc3 Bc5 36. Ba5 Ra8 37. Bd2 Bd4 38. Bc1 Reb8 39. Re2 Rb4 40. Rc2 Bb7 41.
Bd2 Rb5 42. g6 (42. Bc1 Bc8 43. Bf1 Rbb8 44. Bd3 Ne3 45. Bxe3 Bxe3 $15) 42...
f6 (42... fxg6 43. fxg6 Kg7 44. Rc7+ Kxg6 45. Rxb7 Rxb7 46. Bxd5 Rbb8 47. Be4+
Kg7 48. Bxa8 Rxa8 49. Bg5 $15) 43. Rc7 Bc8 44. Rf1 e4 45. Nf4 Be5 {Diagrama #}
46. Re7 $2 (46. Rc2 Bxf5 47. Nxd5 Rxd5 48. Rxf5) 46... Bxf5 47. Nxh5 Rxb3+ 48.
axb3 a2+ 49. Kc2 Rc8+ 50. Bc3 Ne3+ 51. Kd2 Nxf1+ 52. Bxf1 Bxc3+ 53. Ke2 Bg4+
0-1

[Event "V Abierto Ciudad de Dos Hermanas"]
[Site "?"]
[Date "2006.04.03"]
[Round "5"]
[White "De La Villa, J."]
[Black "Campora Sivori, D."]
[Result "0-1"]
[WhiteElo "2451"]
[BlackElo "2541"]
[PlyCount "150"]
[EventDate "2006.03.30"]
[SourceDate "2006.03.30"]

1. e4 e5 2. Nf3 Nc6 3. Bb5 Nf6 4. O-O d6 5. d4 Bd7 6. Nc3 Be7 7. Re1 exd4 8.
Nxd4 Nxd4 9. Qxd4 Bxb5 10. Nxb5 O-O 11. Bf4 a6 12. Nc3 Re8 13. Rad1 h6 14. h3
Bf8 15. a4 Nd7 16. Nd5 c6 17. Ne3 Nc5 18. Nf5 Ne6 19. Qe3 Nxf4 20. Qxf4 Qf6 21.
b3 Re6 22. Qf3 Rae8 23. Re3 g6 24. Nd4 Qxf3 25. gxf3 Re5 $15 26. c4 h5 27. Red3
d5 28. exd5 cxd5 29. cxd5 Rxd5 30. Nc2 Rxd3 31. Rxd3 Rc8 32. Ne3 Rc1+ 33. Kg2
Rb1 34. f4 Bc5 35. Nc4 Kf8 36. Ne5 Ke8 37. Rc3 Bd6 38. Kf3 Ke7 39. Nc4 b5 40.
axb5 axb5 {Diagrama #} 41. Nb6 $6 (41. Re3+ Kd7 42. Ne5+ Bxe5 43. fxe5) 41...
Rh1 42. Re3+ Kd8 43. Ke4 Rd1 44. Rc3 f5+ 45. Ke3 Re1+ 46. Kf3 Re4 47. Rd3 Kc7 (
47... Rxf4+ $2 48. Kg2 Kc7 49. Nd5+) 48. Nd5+ Kc6 49. h4 Kc5 $19 50. b4+ Kc6
51. Rd1 Bxb4 52. Nxb4+ Rxb4 53. Rg1 Rd4 54. Rxg6+ Rd6 55. Rg5 b4 56. Rxf5 b3
57. Rf8 Kc5 58. Rc8+ Rc6 59. Rb8 Rb6 60. Rc8+ Kd4 61. Rd8+ Kc3 62. Rc8+ Kb4 63.
Rc1 b2 64. Rb1 Kc3 {Diagrama #} 65. f5 (65. Ke4 Kc2 66. Rxb2+ Rxb2 67. f5 Rb4+
68. Ke5 Rxh4 69. f6 Rb4 70. f7 Rb8) 65... Rb4 66. f6 Rb6 67. Kf4 Rxf6+ 68. Kg5
Rxf2 69. Rg1 (69. Kxh5 Rg2 (69... Kc2 70. Rxb2+ Kxb2 71. Kg6 Rg2+ 72. Kf6 Rh2
73. Kg5 Kc3 74. h5 Kd4) 70. Kh6 Kc2 71. Rf1 b1=Q 72. Rxb1 Kxb1 73. h5 Kc2 74.
Kh7 Kd3 75. h6 Ke4 76. Kh8 Kf5 77. h7 Kg6 78. Kg8 Ra2 79. h8=N+ Kf6 80. Kh7 Rd2
81. Kg8 Rd7) 69... Rc2 70. Kxh5 Rc1 71. Rg3+ Kd4 72. Rb3 b1=Q 73. Rxb1 Rxb1 74.
Kg6 Rg1+ 75. Kf6 Rh1 0-1

[Event "V Abierto Ciudad de Dos Hermanas"]
[Site "?"]
[Date "2006.04.03"]
[Round "5"]
[White "Korneev, O."]
[Black "Burmakin, V."]
[Result "0-1"]
[WhiteElo "2646"]
[BlackElo "2519"]
[PlyCount "106"]
[EventDate "2006.03.30"]
[SourceDate "2006.03.30"]

1. e4 c6 2. d4 d5 3. e5 Bf5 4. Be3 e6 5. Nd2 Nd7 6. Be2 f6 7. f4 $6 (7. exf6
Ngxf6 8. g4 Bg6 9. h4 h6 10. Nh3 Bd6 11. Nf4 Bf7 12. Bd3 Qa5 13. Ng6 Rg8 14. c3
O-O-O 15. g5 hxg5 16. hxg5 Ne4 17. Bxe4 dxe4 18. Nxe4 Qd5 19. Nxd6+ Qxd6 20.
Bf4 e5 21. Nxe5 Bd5 22. Rg1 Rgf8 23. Qd2 Nxe5 24. Bxe5 Qg6 25. f4 Rh8 26. O-O-O
Rh3 27. c4 Be4 28. Qa5 Qf7 29. b3 a6 30. Rge1 Bg6 31. Rd2 Rd7 32. Kb2 Qf5 33.
d5 Rd3 34. Rh2 Rh3 35. Rxh3 Qxh3 36. Qc5 Qg3 37. Qa7 Re7 38. Qb8+ Kd7 39. dxc6+
Ke6 40. Bc3+ {1-0 Ibragimov,I-Erenburg,S/Beersheba 2005/CBM 110 no vc (40).})
7... Qb6 8. g4 Bg6 9. exf6 (9. Rb1 fxe5 10. fxe5 Nxe5) 9... Ngxf6 10. Bd3 O-O-O
(10... Bxd3 11. cxd3 h5 12. g5 Ng4 $17) 11. Nb3 (11. Bxg6 hxg6 12. g5) 11...
Bxd3 12. cxd3 e5 13. g5 (13. fxe5 Nxe5 14. dxe5 Qxe3+ 15. Qe2 Bb4+ 16. Kd1
Qxe2+ 17. Kxe2 Nxg4 $15) 13... exf4 14. Bxf4 Bb4+ 15. Kf2 {Diagrama #} Rhf8 (
15... Ng8 $17) 16. gxf6 Rxf6 17. Kg3 Rdf8 18. Nh3 (18. Ne2 g5 19. Bc1 Qc7+ 20.
Kg2 Rf2+ 21. Kg1 Qd6 $19) 18... Rg6+ 19. Ng5 h6 20. Qh5 Rff6 21. h4 Bd6 (21...
hxg5 22. hxg5 Bd6 23. Bxd6 Rxd6) 22. Bxd6 Rxd6 23. Rae1 Qd8 $19 24. Qg4 hxg5
25. h5 Rgf6 26. Re5 Rf7 (26... Kb8 27. Rxg5 Qe8) 27. Rhe1 Qf6 28. R5e2 {
Diagrama #} Kc7 $6 (28... b6 29. Nd2 Qh6) 29. Nc5 Nxc5 $6 (29... Nf8 30. Kg2 b6
31. Qg3) 30. dxc5 Rdd7 $15 31. Kh3 (31. Kg2) 31... b6 32. Qg3+ Qf4 33. cxb6+
axb6 34. Re5 g4+ 35. Kh4 Qxg3+ 36. Kxg3 Rf3+ 37. Kxg4 Rxd3 $17 38. Kf4 Rd2 39.
R1e2 Rxe2 40. Rxe2 Rf7+ 41. Kg5 d4 42. Kg6 Rd7 43. b3 c5 44. a4 d3 45. Rd2 b5
46. axb5 Kb6 47. Kf5 Kxb5 48. Ke6 Rd4 49. Kf7 Kb4 50. Kxg7 Kc3 51. Rd1 Kc2 52.
Rh1 d2 53. h6 d1=Q 0-1

[Event "V Abierto Ciudad de Dos Hermanas"]
[Site "?"]
[Date "2006.04.03"]
[Round "5"]
[White "Biedma Martin, E."]
[Black "Illescas Cordoba, M."]
[Result "0-1"]
[WhiteElo "2287"]
[BlackElo "2608"]
[PlyCount "88"]
[EventDate "2006.03.30"]
[SourceDate "2006.03.30"]

1. Nf3 d6 2. e4 Nf6 3. Nc3 c5 4. Bb5+ Nbd7 5. e5 dxe5 6. Nxe5 a6 7. Nxd7 Nxd7
8. Be2 Ne5 9. O-O e6 10. Re1 Nc6 11. Bf1 Be7 12. g3 b6 13. Bg2 Bb7 14. b3 O-O
15. Bb2 Qc7 16. Ne2 Rfd8 17. d3 Rac8 18. Qd2 Nd4 19. Bxb7 Qxb7 20. Nxd4 cxd4
21. Re4 Bf6 22. f4 Rc5 23. Qf2 h5 24. Rc1 Rcd5 25. Rce1 b5 26. a3 R5d7 27. Kf1
Qc6 28. R1e2 Qd5 29. Kg1 g6 30. Kf1 Bg7 31. Kg1 Rc8 32. Re1 Rc6 33. Ra1 Rdc7
34. Re2 h4 35. a4 Rc8 36. axb5 axb5 37. Rc1 Qh5 38. Rd2 hxg3 39. hxg3 e5 40.
fxe5 Qxe5 41. Re2 Qf6 42. Qg2 Re6 43. Rxe6 Qxe6 {Diagrama #} 44. Qf2 $2 (44.
Rf1 Qe3+ 45. Kh1 Be5 $17) 44... Bh6 0-1

[Event "V Abierto Ciudad de Dos Hermanas"]
[Site "?"]
[Date "2006.04.03"]
[Round "5"]
[White "Dizdar, G."]
[Black "Colovic, A."]
[Result "1/2-1/2"]
[WhiteElo "2531"]
[BlackElo "2459"]
[PlyCount "133"]
[EventDate "2006.03.30"]
[SourceDate "2006.03.30"]

1. Nf3 d5 2. g3 c6 3. Bg2 Nf6 4. O-O g6 5. b3 Bg7 6. Bb2 O-O 7. c4 Bg4 8. d3
Bxf3 9. Bxf3 Nbd7 10. Nd2 e6 11. Rc1 a5 12. Qc2 Qe7 13. d4 a4 14. e3 Ra7 15.
bxa4 Qb4 16. Bd1 Nb6 17. cxd5 Nfxd5 18. Ne4 Nxa4 19. Ba1 Rfa8 20. Qe2 f5 21.
Ng5 Nac3 22. Bxc3 Nxc3 23. Qd2 Nxa2 24. Qxb4 Nxb4 25. Bb3 Bf6 26. Nxe6 Kh8 27.
Rb1 Be7 28. h4 h5 29. Rfc1 Bd6 30. Kg2 Ra3 31. Bc4 R8a7 32. Rb2 b5 33. Be2 Ra2
34. Rcb1 Rxb2 35. Rxb2 {Diagrama #} Ra2 $6 (35... Kg8) 36. Rxa2 Nxa2 37. Nd8
$14 Kg7 38. Nxc6 b4 39. Bc4 Nc1 40. Na5 Bc7 41. Nb3 Nxb3 42. Bxb3 Kf6 43. Bd1
Bb8 44. Kf1 Bc7 45. Ke1 Ba5 46. Ke2 Bc7 47. Kd3 Bb8 48. Kc4 Bd6 49. Kd5 Ke7 50.
Ba4 Bb8 51. Bc2 Bc7 52. Kc6 Bb8 53. Ba4 Bd6 54. Bb3 Bb8 55. Kb7 Bd6 56. Kc8 Ke8
57. Bc2 Ke7 58. Ba4 Ke6 59. Bb3+ Ke7 60. Ba4 Ke6 61. Kd8 Be7+ 62. Ke8 g5 63.
Bb3+ Kd6 64. hxg5 Bxg5 65. f4 h4 66. gxh4 Bxh4 67. Kf7 1/2-1/2

[Event "V Abierto Ciudad de Dos Hermanas"]
[Site "?"]
[Date "2006.04.03"]
[Round "5"]
[White "Handke, F."]
[Black "Zambrana, O."]
[Result "1/2-1/2"]
[WhiteElo "2474"]
[BlackElo "2405"]
[PlyCount "153"]
[EventDate "2006.03.30"]
[SourceDate "2006.03.30"]

1. e4 c5 2. Nf3 Nc6 3. Bb5 g6 4. O-O Bg7 5. Nc3 e5 6. Bc4 Nge7 7. a3 O-O 8. d3
d6 9. Bg5 h6 10. Bxe7 Nxe7 11. Nd5 Kh7 12. c3 f5 13. h3 b5 14. Nxe7 Qxe7 15.
Bd5 Rb8 16. b4 Bd7 17. Re1 Qf6 18. exf5 gxf5 19. bxc5 Rfc8 20. cxd6 Qxd6 21. c4
bxc4 22. dxc4 Qe7 23. Ra2 e4 24. Nd4 Rb6 25. Ne2 Rcb8 26. Rd2 Be8 27. Nd4 Bd7
28. Qh5 Rf8 29. a4 Rg6 30. Kh1 Qc5 {Diagrama #} 31. Rxe4 $2 Rg5 32. Qd1 fxe4
33. Bxe4+ Kh8 34. Nf3 Be6 35. Nxg5 Qxg5 36. Bd5 Bd7 37. Re2 Qh5 38. f3 Qg5 39.
a5 Bf5 40. Qe1 Bg6 41. a6 Rb8 42. Bb7 Rd8 43. Bd5 Rc8 44. Re6 Bf7 45. h4 Qf5
46. g4 Qf4 $6 (46... Qd3) 47. Qe3 Qxe3 48. Rxe3 Bxd5 49. cxd5 Rd8 50. Re7 Bd4
51. Re6 Kg7 52. Re7+ Kf8 53. Re6 h5 54. d6 hxg4 55. fxg4 Bc5 56. Kg2 Bxd6 57.
g5 Bc5 58. Kf3 Rd4 59. Re4 Rd6 60. Rc4 Bg1 61. Ra4 Kf7 62. Kg4 Kg6 63. h5+ Kg7
64. Ra5 Bb6 65. Re5 Bd8 66. Rb5 Rxa6 67. Rb7+ Kg8 68. Rb8 Ra4+ 69. Kf5 {
Diagrama #} Rf4+ $4 70. Ke6 $4 Rf8 71. h6 Kh7 72. Rb7+ Kg6 73. Rg7+ Kh5 74. h7
Rh8 75. Rg8 Rxh7 76. Rxd8 Kxg5 77. Ra8 1/2-1/2

[Event "V Abierto Ciudad de Dos Hermanas"]
[Site "?"]
[Date "2006.04.03"]
[Round "5"]
[White "Prados Montaño, A."]
[Black "Neelotpal, D."]
[Result "0-1"]
[WhiteElo "2203"]
[BlackElo "2512"]
[PlyCount "126"]
[EventDate "2006.03.30"]
[SourceDate "2006.03.30"]

1. e4 c5 2. Nc3 a6 3. g3 b5 4. Bg2 Bb7 5. d3 e6 6. f4 Nf6 7. Nf3 b4 8. Ne2 d6
9. h3 Be7 10. Be3 Nfd7 11. O-O O-O 12. g4 d5 13. e5 Nc6 14. Ng3 Kh8 15. Qe2 f6
16. Nh5 Qb6 17. Kh1 Rae8 18. Bd2 g6 19. exf6 Nxf6 20. Ng3 Bd6 21. Ne5 Nd4 22.
Qd1 Qc7 23. c3 bxc3 24. bxc3 Nc6 25. d4 a5 26. Be3 Ne7 27. Rb1 c4 28. Qc2 Bc8
29. Rbe1 Nc6 30. Bc1 Bd7 31. g5 Ng8 32. h4 Nce7 33. h5 gxh5 34. Nxh5 Nf5 35.
Rf3 Re7 36. Rh3 Be8 37. Qe2 Bxh5 38. Qxh5 Bxe5 39. Rxe5 Qd6 40. Qg4 Rb8 41. Kh2
Rb1 42. Be3 Rb2 {Diagrama #} 43. g6 $2 (43. a4) 43... Nf6 $2 (43... Ngh6 44.
Qf3 Rg7 $19) 44. Qg5 Ne4 45. Rxe4 dxe4 46. Qf6+ Kg8 47. gxh7+ Rxh7 48. Qg6+ Rg7
49. Qe8+ Qf8 50. Qxe6+ Rf7 51. Rh5 $2 (51. Kh1) 51... Nxe3 52. Rg5+ Kh8 53.
Qe5+ Rg7 $6 (53... Rf6 54. Rh5+ Kg7 55. Rg5+ Kh7 56. Qxe4+ Nf5 $19) 54. Rh5+
Kg8 55. Qe6+ Qf7 56. Qc8+ Qf8 57. Qe6+ Rf7 58. Rg5+ Kh8 59. Qe5+ Rf6 60. Rh5+
Kg8 61. Rg5+ Kh7 62. Rh5+ Rh6 63. Qxe4+ Nf5 0-1

[Event "V Abierto Ciudad de Dos Hermanas"]
[Site "?"]
[Date "2006.04.04"]
[Round "6"]
[White "Zambrana, O."]
[Black "Matamoros, C."]
[Result "0-1"]
[WhiteElo "2405"]
[BlackElo "2510"]
[PlyCount "56"]
[EventDate "2006.03.30"]
[SourceDate "2006.03.30"]

1. e4 e5 2. Nf3 Nc6 3. Bc4 Nf6 4. d3 Be7 5. O-O O-O 6. Re1 d6 7. a4 Kh8 8. c3
Ng8 $6 (8... Bg4) 9. d4 f5 10. dxe5 fxe4 (10... Nxe5 11. Nxe5 dxe5 12. Qxd8
Rxd8 13. exf5 Bxf5 14. Nd2 $14) 11. Rxe4 {Diagrama #} Rxf3 $5 (11... Bf5 12.
Re1 dxe5 13. Qxd8 Raxd8 14. Nbd2 $14) 12. gxf3 (12. Qxf3 d5) 12... Bf5 13. Be3
$6 (13. Re1 Nxe5 14. Bd5 c6 15. Be4 $14 Qf8 16. Nd2 d5 17. f4 (17. Bxd5 Nd3)
17... Ng6 $11) (13. Re2 $5 Nxe5 14. Bd5 c6 15. Be4 Qf8 16. Nd2 Qf6 (16... d5
17. Bxd5) 17. Qc2 Nh6 18. f4 Qg6+ 19. Kh1 Nd7 20. Nf1) 13... Bxe4 14. fxe4 Nxe5
15. Be2 Bg5 $15 16. Qc1 (16. f4 Bh6 17. Qe1 Ng6 18. Qg3 Qf6 $15) 16... Bh6 17.
Bxh6 Nxh6 18. Qe3 Qf6 19. Nd2 Rf8 20. Rf1 Ng6 21. Kh1 Nf4 22. f3 (22. Bf3 $15)
22... Nf7 $17 23. Rd1 Ne5 24. Bf1 b6 25. a5 g5 26. axb6 axb6 27. Ra1 g4 28. Ra7
$2 (28. fxg4 Nxg4 29. Qd4 Ne5) 28... g3 0-1

[Event "V Abierto Ciudad de Dos Hermanas"]
[Site "?"]
[Date "2006.04.04"]
[Round "6"]
[White "Castellanos, R."]
[Black "Perez Garcia, R."]
[Result "1-0"]
[WhiteElo "2467"]
[BlackElo "2180"]
[PlyCount "43"]
[EventDate "2006.03.30"]
[SourceDate "2006.03.30"]

1. e4 e6 2. d4 d5 3. Nc3 Bb4 4. e5 c5 5. a3 Ba5 6. b4 cxd4 7. Qg4 Ne7 8. Qxg7
Rg8 9. Qxh7 dxc3 10. bxa5 Nd7 11. Nf3 Qc7 12. Bf4 Nf8 13. Qd3 Nfg6 14. Bg3 Nf5
15. Be2 Bd7 16. Rb1 a6 17. O-O Nxg3 18. fxg3 {Diagrama #} O-O-O $2 (18... Bb5
19. Qe3 Bxe2 20. Qxe2 Rd8 $11) 19. Qe3 Qxa5 $2 (19... Kb8 20. Bxa6) (19... d4
20. Nxd4 Qxe5 21. Rf3 $18) 20. Qa7 $18 Bc6 21. Nd4 Nxe5 22. Nxc6 1-0

[Event "V Abierto Ciudad de Dos Hermanas"]
[Site "?"]
[Date "2006.04.04"]
[Round "6"]
[White "Alexandrova, O."]
[Black "Rodriguez Aguilera, A."]
[Result "1/2-1/2"]
[WhiteElo "2372"]
[BlackElo "2231"]
[PlyCount "70"]
[EventDate "2006.03.30"]
[SourceDate "2006.03.30"]

1. d4 Nf6 2. c4 c5 3. d5 e6 4. Nc3 exd5 5. cxd5 d6 6. e4 g6 7. f4 Bg7 8. Bb5+
Nfd7 9. a4 O-O 10. Nf3 a6 11. Be2 Nf6 12. O-O Bg4 13. e5 Bxf3 14. Bxf3 dxe5 15.
fxe5 Nfd7 16. e6 Ne5 17. Bg4 fxe6 18. Bxe6+ Kh8 19. Rxf8+ Qxf8 20. Bg5 Nbd7 21.
Qe2 c4 {Diagrama #} 22. Rf1 $6 (22. Bxd7 Nxd7 23. Qxc4 Rc8 24. Qe2 $14) 22...
Qb4 23. Kh1 Rf8 24. Rxf8+ Nxf8 25. Qf2 Nfd7 26. h3 Nd3 27. Qe2 $2 (27. Qf7 Qf8
28. Qxf8+ Nxf8 29. Bc8 Nxb2 30. Bd2 Kg8 31. d6 Bxc3 32. Bxc3 Nxa4 33. Bd4 c3
34. Bxb7 Nd7 35. Bxa6 c2 36. Bc4+ Kf8 37. Be3 Nac5 38. Kg1 Ne5 39. Bb5 Kf7 40.
Kf1 $11) 27... Qxb2 28. Bxd7 Qa1+ 29. Nd1 Qxd1+ 30. Qxd1 Nf2+ 31. Kg1 Nxd1 32.
Be6 h6 33. Be7 Bd4+ 34. Kf1 Kg7 35. d6 {Diagrama #} Bc5 (35... Bc5 36. Ke2 Nc3+
37. Kf3 b5 38. axb5 axb5 $17) 1/2-1/2

[Event "V Abierto Ciudad de Dos Hermanas"]
[Site "?"]
[Date "2006.04.04"]
[Round "6"]
[White "Garcia Luque, A."]
[Black "Borondo Garcia, R."]
[Result "1-0"]
[WhiteElo "2355"]
[BlackElo "2054"]
[PlyCount "59"]
[EventDate "2006.03.30"]
[SourceDate "2006.03.30"]

1. e4 e6 2. d3 c5 3. Nf3 Nc6 4. Nbd2 d6 5. c3 Nf6 6. g3 Be7 7. Bg2 O-O 8. O-O
d5 9. e5 Nd7 10. Re1 Qc7 11. Qe2 a5 12. a4 b6 13. Nf1 Bb7 14. h4 Rfe8 15. Bf4
Nf8 16. h5 Qd8 17. h6 {Diagrama #} g5 $2 (17... Ng6 18. Bd2 f6) 18. Nxg5 $16
Ng6 19. Qh5 Qd7 20. Nh2 Ba6 21. Rad1 Rab8 22. Ng4 Nd8 23. b3 b5 24. c4 bxc4 25.
dxc4 Qb7 26. cxd5 Qxb3 27. Ne4 Nxf4 28. gxf4 Kh8 29. d6 Be2 30. dxe7 1-0

[Event "V Abierto Ciudad de Dos Hermanas"]
[Site "?"]
[Date "2006.04.04"]
[Round "6"]
[White "Milov, V."]
[Black "De La Villa, J."]
[Result "1-0"]
[WhiteElo "2638"]
[BlackElo "2451"]
[PlyCount "69"]
[EventDate "2006.03.30"]
[SourceDate "2006.03.30"]

1. d4 Nf6 2. c4 d6 3. Nc3 e5 4. Nf3 e4 5. Ng5 Qe7 6. g3 h6 7. Nh3 c6 8. Bg2 Bf5
9. e3 g5 10. Ng1 Bg7 11. Nge2 Na6 12. a3 Nc7 13. Bd2 b5 14. cxb5 cxb5 15. h3
Bg6 16. O-O O-O 17. Rc1 Rfc8 18. g4 h5 19. Ng3 hxg4 20. hxg4 Qe6 21. f3 exf3
22. Qxf3 Bd3 (22... Nxg4 23. Nge4 $16) 23. Nf5 {Diagrama #} d5 $6 (23... Bxf1
24. Rxf1 d5 25. Nxg7 Kxg7 26. e4 dxe4 (26... Nxg4 27. exd5 $18) 27. Nxe4 Nxe4
28. Qxe4 Qxe4 29. Bxe4 Rab8 30. Bxg5 $14) 24. Rf2 Ne4 25. Nxe4 Bxe4 26. Qg3 Ne8
27. Rcf1 Rc2 (27... Bxg2 28. Qxg2 Rc7 29. Qh3 $16) 28. Bb4 Rxf2 29. Rxf2 Bf6
30. Qh3 $18 Rc8 (30... Bxf5 31. gxf5 Qc6 32. Bc5) 31. Bc5 a6 32. Bxe4 Qxe4 33.
Rh2 Qb1+ 34. Kf2 Qxb2+ 35. Kf3 1-0

[Event "V Abierto Ciudad de Dos Hermanas"]
[Site "?"]
[Date "2006.04.04"]
[Round "6"]
[White "Vila Gazquez, X."]
[Black "Velandrino, M."]
[Result "1-0"]
[WhiteElo "2317"]
[BlackElo "1997"]
[PlyCount "99"]
[EventDate "2006.03.30"]
[SourceDate "2006.03.30"]

1. e4 e6 2. d4 d5 3. Nc3 Nf6 4. e5 Nfd7 5. f4 c5 6. Nf3 Nc6 7. Be3 cxd4 8. Nxd4
Bc5 9. Qd2 O-O 10. O-O-O a6 11. Qf2 Nxd4 12. Bxd4 Bxd4 13. Qxd4 Qc7 14. Bd3 b5
15. Rhe1 Qc5 16. Ne2 Qxd4 17. Nxd4 Nc5 18. Re3 Bd7 19. Rh3 Nxd3+ 20. cxd3 f6 (
20... Rfc8+ 21. Kd2 b4) 21. Rf3 a5 22. Kd2 Rac8 23. Rff1 fxe5 24. fxe5 h6 25.
Ke3 a4 (25... b4) 26. Rc1 Rxf1 27. Rxf1 Rc7 28. Kd2 Rb7 29. Rc1 Kf7 30. Rc5 g5
31. Ke3 h5 32. Rc1 Ke7 33. Rf1 Rb8 34. h3 Rg8 35. g3 h4 36. g4 Rc8 37. Kd2 Rb8
38. Rf6 Rg8 39. Rh6 Rf8 40. a3 Rf7 41. Kc2 Rg7 42. Rh8 {Diagrama #} Be8 $2 (
42... Rf7 43. Rg8 Rf2+ 44. Kc3 Rh2 45. Rxg5 Rxh3 46. Rh5 $14) 43. Nxe6 Kxe6 44.
Rxe8+ Kd7 45. Rb8 Kc6 46. Kc3 Re7 47. Kd4 Rg7 48. Rd8 Rf7 49. e6 Re7 50. Ke5
1-0

[Event "V Abierto Ciudad de Dos Hermanas"]
[Site "?"]
[Date "2006.04.04"]
[Round "6"]
[White "Illescas Cordoba, M."]
[Black "Caruana, F."]
[Result "1/2-1/2"]
[WhiteElo "2608"]
[BlackElo "2409"]
[PlyCount "108"]
[EventDate "2006.03.30"]
[SourceDate "2006.03.30"]

1. d4 Nf6 2. c4 Nc6 3. Nf3 e6 4. a3 d6 5. Nc3 g6 6. g3 Bg7 7. Bg2 O-O 8. O-O
Re8 9. d5 exd5 10. cxd5 Nb8 11. Bf4 Nbd7 12. Rc1 Nc5 13. Nd2 Bf5 14. Nb3 Nfe4
15. Nxe4 Nxe4 16. f3 Nf6 17. e4 Bd7 18. Qd2 c6 19. dxc6 Bxc6 20. Na5 d5 21. e5
(21. Nxc6 bxc6 22. Rxc6 dxe4 23. Rd6 $14) 21... Nd7 22. Nxc6 bxc6 23. Rxc6 Nxe5
24. Bxe5 Bxe5 25. f4 Bg7 26. Bxd5 $14 Qe7 (26... Re4 27. Rd6 Bd4+ 28. Kg2 Qxd6
29. Bxa8 Re8 30. Rd1 Rd8 $16) 27. f5 $16 gxf5 28. Rxf5 Qe1+ 29. Qxe1 Rxe1+ 30.
Kf2 Re7 31. b4 Rd8 32. Kf3 Be5 33. Rc5 Bb2 34. Ra5 $6 (34. a4) 34... Rd6 35. b5
Red7 36. Ke4 Kg7 37. Rxf7+ Rxf7 38. Bxf7 Kxf7 39. Rxa7+ Ke8 (39... Kg8 40. a4
Rd4+ 41. Kf5 Rb4 42. Ke6 Bd4 43. Ra6 Bg1 44. h4 Bf2 45. Kf6 Bd4+ 46. Kf5 Bf2
47. g4 Bxh4) 40. a4 (40. Rxh7 $5 Bxa3 41. h4 Bc5 42. Rb7 Rd4+ 43. Kf5 Rd5+ 44.
Ke6 Rd6+ 45. Ke5 Rg6 46. h5 Rxg3 47. Ke6 Re3+) 40... Kd8 {Diagrama #} 41. a5 (
41. Rxh7 Rd4+ 42. Kf5 Rxa4 43. b6 Ra5+ 44. Ke4) 41... h6 42. b6 Kc8 43. Kf5 Kb8
44. Kg4 Bc3 45. Kh5 Rd5+ 46. Kxh6 Bxa5 47. g4 Bxb6 48. Rg7 Be3+ 49. g5 Rd4 50.
Kh5 Bf2 51. Rh7 Kc8 52. Kg6 Kd8 53. Kf6 Bh4 54. Kf5 Ke8 1/2-1/2

[Event "V Abierto Ciudad de Dos Hermanas"]
[Site "?"]
[Date "2006.04.04"]
[Round "6"]
[White "Kononenko, T."]
[Black "Handke, F."]
[Result "0-1"]
[WhiteElo "2417"]
[BlackElo "2474"]
[PlyCount "98"]
[EventDate "2006.03.30"]
[SourceDate "2006.03.30"]

1. d4 Nf6 2. c4 e6 3. Nf3 b6 4. Nc3 Bb4 5. Bg5 h6 6. Bh4 Bb7 7. e3 Bxc3+ 8.
bxc3 d6 9. Nd2 Nbd7 10. f3 Nf8 11. Bd3 Ng6 12. Bf2 O-O 13. Qc2 Qe8 14. O-O e5
15. Rfe1 Rd8 16. a4 a5 17. Qb1 Bc6 18. Bc2 Rd7 19. e4 Nh5 20. Nf1 Nhf4 21. Ne3
Qe7 22. Qd1 Qg5 23. Kh1 h5 24. Ra2 h4 25. Bb1 Rdd8 26. Rg1 Bd7 27. Qe1 Rde8 28.
d5 Qh5 29. Nf5 f6 30. Nxh4 Nxh4 31. Bxh4 g5 32. Bg3 Kf7 {Diagrama #} 33. Bxf4
$6 gxf4 34. g4 fxg3 35. Rxg3 Bh3 36. Kg1 (36. c5 $5) 36... Rh8 37. Kf2 Bd7 38.
Kg1 (38. Ke3 f5 $15) 38... Reg8 39. Rag2 Bxa4 40. Rxg8 Rxg8 41. Rxg8 Kxg8 42.
Qg3+ Qg5 $19 43. Ba2 Kf7 44. Qxg5 fxg5 45. Kf2 Kg6 46. Ke3 Kh5 47. Bb1 Kh4 48.
Kd2 Kh3 49. Bd3 Kxh2 0-1